Петродворец. Музеи и парки

Chi tiết về thư mục
Tác giả khác: Гуревич И. М. Илья Михайлович (составитель)
Ngôn ngữ:Tiếng Nga
Được phát hành: Ленинград, Лениздат, 1980
Những chủ đề:
Định dạng: Sách
KOHA link:https://koha.lib.tpu.ru/cgi-bin/koha/opac-detail.pl?biblionumber=181124

MARC

LEADER 00000nam0a2200000 4500
001 181124
005 20231031170956.0
035 |a (RuTPU)RU\TPU\book\196340 
090 |a 181124 
100 |a 20100602d1980 m y0rusy50 ca 
101 0 |a rus 
102 |a RU 
105 |a a z 000zy 
200 1 |a Петродворец. Музеи и парки  |f сост. И. М. Гуревич 
210 |a Ленинград  |c Лениздат  |d 1980 
215 |a 62 с.  |c ил. 
610 1 |a Петродворец 
610 1 |a музеи 
610 1 |a парки 
610 1 |a фонтаны 
675 |a 725.17(084)  |v 3 
675 |a 712.2(084)  |v 3 
702 1 |a Гуревич  |b И. М.  |g Илья Михайлович  |4 220 
801 1 |a RU  |b 63413507  |c 20100602 
801 2 |a RU  |b 63413507  |c 20101012  |g RCR 
942 |c BK